000 00482nam a2200181Ia 4500
001 7632
005 20260306160509.0
008 260306t2018||||xx |||||||||||||| ||spa||
041 _aESP
082 _a352.6
_bR715
100 _aRamió, Carles
_eAUT
245 0 _aLa nueva gestión del empleo público:
_brecursos humanos e innovación de la administración
260 _c2018
300 _a296 páginas :
_c23 cm.
650 _aGEN
654 _aCAN
942 _cLIB
_dJUS
_fJUS
_2ddc
_n
999 _c7632
_d7632